1134 1521 1661 1672 1676 1706 1366 1254 1322 1086 1818 1382 1756 1417 1682 1922 1619 1596 1732 1592 1205 1106 1437 1415 1771 1073 1763 1708 1644 1001 1023 1141 1365 1923 1004 1504 1813 1781 1970 1009 1697 1330 1538 1978 1162 1508 1902 1829 1387 1364 1266 1602 1479 1328 1577 1189 1420 1733 1557 1141 1690 1905 1299 1859 1484 1077 1091 1829 1061 1019 1495 1913 1729 1874 1356 1004 1664 1638 1642 1649 1720 1877 1406 1382 1863 1106 1610 1273 1665 1624 1162 1067 1537 1789 1201 1305 1164 1733 1887 BCNSPRNW ULIB Ver.6.0+V

เปลี่ยนเป็นภาษาไทย

Change to English
 แสดงรายละเอียดบรรณานุกรม
  กลับหน้าหลัก

Brief Record : Get Marc (ISO 2709) : E-mail record : QR code < ปิดหน้าต่าง
LEADER : 00000nam 2200000uu 4500
001    13399122154
003     ULIB
008    130107s2555||||th 000 0 tha d
020    ^a9789740329534
060 04 ^aWA30^bอ176ก
100 0  ^aอนามัย (ธีรวิโรจน์) เทศกะทึก
245 10 ^aการประเมินผลกระทบต่อสุขภาพ^b(Health impact assessment: HIA) /^cอนามัย (ธีรวิโรจน์) เทศกะทึก
246 31 ^aHealth impact assessment:^bHIA
246 31 ^aHIA
250    ^aพิมพ์ครั้งที่ 1
260    ^aกรุงเทพฯ :^bสำนักพิมพ์แห่งจุฬาลงกรณ์มหาวิทยาลัย,^c2555
300    ^a[15], 236, [3] หน้า :^bภาพประกอบ ;^c26 ซม.
500    ^aบรรณานุกรมท้ายบท
650  4 ^aสุขภาพ^xผลกระทบจากสิ่งแวดล้อม
650  4 ^aการประเมินผลกระทบ
650  4 ^aสิ่งแวดล้อม^xผลกระทบต่อสุขภาพ
945    ^p190^l0^i19589
945    ^p190^l0^i19590
995    ^aกัณชพร
999    ^aใช้งานได้ทุกระบบ
รายการนี้ยังไม่มีแท็ก
คุณยังไม่ได้ล็อกอิน คุณสามารถมีกิจกรรมร่วมกับเว็บไซต์ได้ แต่ต้องล็อกอินก่อน ::
  ล็อกอิน

รายการสื่อสารสนเทศ

ลำดับที่ ประเภท เลขเรียก/บาร์โค้ด สถานที่ สถานะ
1. วิทยาศาสตร์การแพทย์ และสุขภาพ
วิทยาศาสตร์การแพทย์ และสุขภาพ
สถานะ=หนังสือเก่า
WA30 อ176ก  
  Barcode: 19589
ห้องสมุดวิทยาเขตนครสวรรค์
►ส่วนจัดเก็บหนังสือเก่า นว.
บนชั้น
  ขอยืม
2. วิทยาศาสตร์การแพทย์ และสุขภาพ
วิทยาศาสตร์การแพทย์ และสุขภาพ
สถานะ=หนังสือเก่า
WA30 อ176ก ฉ.2 
  Barcode: 19590
ห้องสมุดวิทยาเขตนครสวรรค์
►ส่วนจัดเก็บหนังสือเก่า นว.
บนชั้น
  ขอยืม

รายการใกล้เคียง
    ผู้แต่ง [อนามัย (ธีรวิโรจน์) เทศกะทึก]

    หัวเรื่อง [การประเมินผลกระทบ]

BibComment


ยังไม่เคยถูกคอมเมนท์

คอมเมนท์ทรัพยากรรายการนี้
  คอมเมนท์: การประเมินผลกระท..


 Copyright 2026. Bcnsprnw @Library